| 000 | 00776nam a22002177a 4500 | ||
|---|---|---|---|
| 999 |
_c4135 _d4135 |
||
| 003 | AR-CdUCM | ||
| 008 | 190308b ||||| |||| 00| 0 spa d | ||
| 040 |
_aMUNICIPALIDAD PROVINCIAL DEL CUSCO _cBIBLIOTECA MUNICIPAL DEL CUSCO |
||
| 082 |
_a781.4 / _bD12 |
||
| 100 |
_aDabini, Attilio _913099 |
||
| 245 | _aTeatro italiano del siglo XX / | ||
| 260 |
_aBuenos Aires : _bLosange, _c1958. |
||
| 300 |
_a168 paginas ; _bRetratos, _c20 cm. |
||
| 440 |
_aTeatro en el mundo _n1 _913100 |
||
| 500 | _aDonación de la familia Nieto | ||
| 505 | _aComienzo del siglo: Giacosa-Bracco -- D´annunzio -- Teatro de poesia, crepuscularismo, futurismo -- Teatro del Grottesco ... | ||
| 650 |
_aTeatro italiano _913101 |
||
| 650 |
_aRomanticismo _9518 |
||
| 942 |
_2ddc _cLIBROS |
||
| 945 | _aacv | ||